[Event "msr2018"]
[Site "?"]
[Date "2018.04.26"]
[Round "8.10"]
[White "Zetocha, Adrian"]
[Black "Cedzo, Adam"]
[Result "1-0"]
[BlackElo "1703"]
[WhiteElo "2094"]
[LiveChessVersion "1.4.8"]

1. d4 {[%clk 1:30:56]} Nf6 {[%clk 1:25:17]} 2. c4 {[%clk 1:30:46]} c5
{[%clk 1:25:04]} 3. d5 {[%clk 1:28:07]} b5 {[%clk 1:24:59]} 4. cxb5
{[%clk 1:28:29]} a6 {[%clk 1:25:21]} 5. b6 {[%clk 1:28:54]} g6 {[%clk 1:24:48]}
6. Nc3 {[%clk 1:28:33]} Qxb6 {[%clk 1:24:22]} 7. e4 {[%clk 1:28:19]} d6
{[%clk 1:24:37]} 8. Nf3 {[%clk 1:28:26]} Bg7 {[%clk 1:23:36]} 9. Nd2
{[%clk 1:24:40]} Nbd7 {[%clk 1:19:23]} 10. Be2 {[%clk 1:23:25]} O-O
{[%clk 1:18:31]} 11. O-O {[%clk 1:23:29]} Ne8 {[%clk 1:14:53]} 12. a4
{[%clk 1:22:09]} a5 {[%clk 1:05:35]} 13. Nc4 {[%clk 1:21:16]} Qb8
{[%clk 1:04:18]} 14. Ra3 {[%clk 1:20:14]} Nc7 {[%clk 0:59:29]} 15. Bg5
{[%clk 1:17:54]} Re8 {[%clk 0:53:16]} 16. Rb3 {[%clk 1:15:14]} Qa7
{[%clk 0:53:34]} 17. Bd2 {[%clk 0:47:46]} Ne5 {[%clk 0:46:30]} 18. Nxe5
{[%clk 0:26:39]} Bxe5 {[%clk 0:46:48]} 19. Bb5 {[%clk 0:26:59]} Nxb5
{[%clk 0:41:00]} 20. Nxb5 {[%clk 0:27:20]} Qd7 {[%clk 0:41:13]} 21. Qe2
{[%clk 0:15:26]} Qd8 {[%clk 0:33:49]} 22. f4 {[%clk 0:14:08]} Bg7
{[%clk 0:33:26]} 23. Bc3 {[%clk 0:11:36]} Bd7 {[%clk 0:31:26]} 24. Qc4
{[%clk 0:11:09]} Bxb5 {[%clk 0:25:49]} 25. Rxb5 {[%clk 0:11:07]} Bxc3
{[%clk 0:25:50]} 26. bxc3 {[%clk 0:09:50]} Rb8 {[%clk 0:16:38]} 27. Rfb1
{[%clk 0:10:01]} Qc7 {[%clk 0:16:48]} 28. g4 {[%clk 0:08:27]} Kg7
{[%clk 0:14:35]} 29. Kf2 {[%clk 0:07:41]} e6 {[%clk 0:12:23]} 30. Kf3
{[%clk 0:05:50]} h6 {[%clk 0:09:00]} 31. h4 {[%clk 0:04:30]} g5 {[%clk 0:06:51]}
32. h5 {[%clk 0:03:21]} Rxb5 33. Qxb5 {[%clk 0:02:42]} Qe7 {[%clk 0:06:59]} 34.
Qc6 {[%clk 0:02:15]} exd5 {[%clk 0:05:57]} 35. Qxd5 {[%clk 0:02:34]} gxf4
{[%clk 0:06:05]} 36. Rb7 {[%clk 0:01:59]} Qf6 {[%clk 0:06:19]} 37. Qc4
{[%clk 0:01:31]} Re6 {[%clk 0:05:51]} 38. Ra7 {[%clk 0:01:25]} Re7
{[%clk 0:05:36]} 39. Rxe7 {[%clk 0:00:50]} Qxe7 {[%clk 0:06:05]} 40. Kxf4
{[%clk 0:00:56]} Qh4 {[%clk 0:06:02]} 41. Qd3 {[%clk 0:29:27]} Qf2+
{[%clk 0:34:29]} 42. Qf3 {[%clk 0:29:44]} Qc2 {[%clk 0:34:01]} 43. Qg3
{[%clk 0:28:53]} Qxa4 {[%clk 0:33:21]} 44. g5 {[%clk 0:29:09]} hxg5+
{[%clk 0:32:10]} 45. Qxg5+ {[%clk 0:29:28]} Kh7 {[%clk 0:30:54]} 46. h6
{[%clk 0:29:07]} 1-0

[Event "msr2018"]
[Site "?"]
[Date "2018.04.26"]
[Round "8.11"]
[White "Vadila, Ondrej"]
[Black "Sosovicka, Jakub"]
[Result "1-0"]
[BlackElo "2105"]
[WhiteElo "2023"]
[LiveChessVersion "1.4.8"]

1. d4 {[%clk 1:30:55]} d5 {[%clk 1:30:49]} 2. Bf4 {[%clk 1:31:18]} Nf6
{[%clk 1:28:45]} 3. e3 {[%clk 1:31:42]} c5 {[%clk 1:28:17]} 4. c3
{[%clk 1:32:06]} Nc6 {[%clk 1:28:14]} 5. Nd2 {[%clk 1:32:26]} Bf5
{[%clk 1:22:27]} 6. Qb3 {[%clk 1:26:01]} Qc8 {[%clk 1:11:20]} 7. Bb5
{[%clk 1:09:34]} e6 {[%clk 0:56:09]} 8. Ngf3 {[%clk 1:04:41]} c4 {[%clk 0:49:50]}
9. Qa4 {[%clk 1:02:21]} a6 {[%clk 0:47:04]} 10. Bxc6+ {[%clk 1:02:39]} Qxc6
{[%clk 0:47:22]} 11. Qxc6+ {[%clk 1:02:15]} bxc6 {[%clk 0:47:49]} 12. h3
{[%clk 1:01:32]} h6 {[%clk 0:40:03]} 13. O-O {[%clk 0:59:17]} c5 {[%clk 0:31:44]}
14. b3 {[%clk 0:51:42]} cxd4 {[%clk 0:30:34]} 15. exd4 {[%clk 0:32:15]} Ba3
{[%clk 0:28:57]} 16. bxc4 {[%clk 0:31:11]} Bb2 {[%clk 0:28:10]} 17. c5
{[%clk 0:27:44]} Bxa1 {[%clk 0:20:10]} 18. Rxa1 {[%clk 0:28:13]} O-O
{[%clk 0:19:06]} 19. c4 {[%clk 0:20:05]} Ra7 {[%clk 0:15:49]} 20. cxd5
{[%clk 0:17:59]} exd5 {[%clk 0:15:41]} 21. Rc1 {[%clk 0:15:59]} Rb7
{[%clk 0:13:05]} 22. Nb3 {[%clk 0:15:23]} Rb4 {[%clk 0:10:03]} 23. Ne5
{[%clk 0:14:59]} Ra4 {[%clk 0:08:18]} 24. g4 {[%clk 0:14:40]} Bh7
{[%clk 0:06:33]} 25. c6 {[%clk 0:12:41]} Rxa2 {[%clk 0:05:19]} 26. Nd7
{[%clk 0:12:19]} Re8 {[%clk 0:03:10]} 27. c7 {[%clk 0:09:11]} Bc2
{[%clk 0:03:35]} 28. Nxf6+ {[%clk 0:06:37]} gxf6 {[%clk 0:04:00]} 29. Na1
{[%clk 0:07:01]} Ra4 {[%clk 0:01:22]} 30. Nxc2 {[%clk 0:04:42]} Rc4
{[%clk 0:01:51]} 31. Kf1 {[%clk 0:03:18]} Rc8 {[%clk 0:01:05]} 32. Ke2
{[%clk 0:03:13]} a5 {[%clk 0:00:57]} 33. Kd2 {[%clk 0:03:18]} a4 {[%clk 0:01:20]}
34. Rb1 {[%clk 0:03:34]} Kg7 {[%clk 0:00:42]} 35. Rb8 {[%clk 0:03:53]} R4xc7
{[%clk 0:01:01]} 36. Bxc7 {[%clk 0:04:13]} Rxc7 {[%clk 0:01:27]} 37. Ra8 1-0

[Event "msr2018"]
[Site "?"]
[Date "2018.04.26"]
[Round "8.12"]
[White "Sobek, Michal"]
[Black "Beres, Tomas"]
[Result "1-0"]
[BlackElo "1720"]
[WhiteElo "2022"]
[LiveChessVersion "1.4.8"]

1. e4 {[%clk 1:30:57]} c5 {[%clk 1:30:54]} 2. Nf3 {[%clk 1:31:21]} Nc6
{[%clk 1:31:19]} 3. d4 {[%clk 1:31:42]} cxd4 {[%clk 1:31:45]} 4. Nxd4
{[%clk 1:31:59]} Nf6 {[%clk 1:31:57]} 5. Nc3 {[%clk 1:32:23]} g6 {[%clk 1:32:22]}
6. Nxc6 {[%clk 1:32:43]} bxc6 {[%clk 1:32:30]} 7. e5 {[%clk 1:33:06]} Ng8
{[%clk 1:32:11]} 8. Bc4 {[%clk 1:33:28]} Bg7 {[%clk 1:28:14]} 9. Qf3
{[%clk 1:33:43]} e6 {[%clk 1:25:22]} 10. Bf4 {[%clk 1:34:00]} Ne7
{[%clk 1:24:50]} 11. O-O {[%clk 1:27:22]} O-O {[%clk 1:18:25]} 12. Rfe1
{[%clk 1:27:25]} Nf5 {[%clk 1:09:42]} 13. Rad1 {[%clk 1:26:30]} Qa5
{[%clk 1:01:16]} 14. Qe2 {[%clk 1:08:37]} Rb8 {[%clk 0:50:32]} 15. Bb3
{[%clk 0:57:06]} c5 {[%clk 0:40:20]} 16. Ne4 {[%clk 0:50:42]} Nd4
{[%clk 0:32:21]} 17. Qg4 {[%clk 0:45:05]} d5 {[%clk 0:16:24]} 18. exd6
{[%clk 0:27:40]} e5 {[%clk 0:16:24]} 19. d7 {[%clk 0:28:04]} Bxd7
{[%clk 0:15:17]} 20. Qxd7 {[%clk 0:27:07]} exf4 {[%clk 0:15:40]} 21. Qe7
{[%clk 0:16:43]} Rbc8 {[%clk 0:06:26]} 22. Nd6 {[%clk 0:08:35]} Rc7
{[%clk 0:05:51]} 23. Qe4 {[%clk 0:08:45]} Qa6 {[%clk 0:03:32]} 24. Nc4
{[%clk 0:07:40]} Qf6 {[%clk 0:03:27]} 25. f3 {[%clk 0:05:59]} Qf5
{[%clk 0:01:52]} 26. c3 {[%clk 0:04:20]} Nxb3 {[%clk 0:01:20]} 27. Qxf5
{[%clk 0:04:41]} gxf5 {[%clk 0:01:44]} 28. axb3 {[%clk 0:05:04]} Rb8
{[%clk 0:01:38]} 29. Rd5 {[%clk 0:05:17]} Rxb3 {[%clk 0:01:10]} 30. Rd8+
{[%clk 0:05:31]} 1-0

[Event "msr2018"]
[Site "?"]
[Date "2018.04.26"]
[Round "8.13"]
[White "Gyerpal, Adrian"]
[Black "Valigursky, Michal"]
[Result "1-0"]
[BlackElo "1659"]
[WhiteElo "1976"]
[LiveChessVersion "1.4.8"]

1. e4 {[%clk 1:30:43]} c5 {[%clk 1:27:34]} 2. Nf3 {[%clk 1:30:56]} Nc6
{[%clk 1:27:58]} 3. d4 {[%clk 1:30:44]} cxd4 {[%clk 1:28:19]} 4. Nxd4
{[%clk 1:31:04]} Nf6 {[%clk 1:28:33]} 5. Nc3 {[%clk 1:30:42]} g6 {[%clk 1:28:49]}
6. Nxc6 {[%clk 1:29:27]} bxc6 {[%clk 1:28:18]} 7. e5 {[%clk 1:28:52]} Ng8
{[%clk 1:28:23]} 8. Qf3 {[%clk 1:26:30]} f6 {[%clk 1:25:50]} 9. Bc4
{[%clk 1:20:57]} d5 {[%clk 1:00:48]} 10. exd6 {[%clk 1:06:41]} Qxd6
{[%clk 1:01:04]} 11. O-O {[%clk 1:00:49]} Bg7 {[%clk 0:58:05]} 12. Nb5
{[%clk 0:51:14]} Qc5 {[%clk 0:49:33]} 13. Nc7+ {[%clk 0:48:05]} Kd7
{[%clk 0:33:23]} 14. Nxa8 {[%clk 0:42:38]} Qxc4 {[%clk 0:33:06]} 15. Rd1+
{[%clk 0:41:54]} Ke8 {[%clk 0:31:51]} 16. Nc7+ {[%clk 0:41:36]} Kf7
{[%clk 0:32:02]} 17. Qb3 {[%clk 0:40:33]} Qxb3 {[%clk 0:23:03]} 18. axb3
{[%clk 0:40:44]} Nh6 {[%clk 0:20:28]} 19. Rxa7 {[%clk 0:37:49]} Bf5
{[%clk 0:20:23]} 20. Re1 {[%clk 0:33:11]} g5 {[%clk 0:10:41]} 21. Nd5
{[%clk 0:29:22]} Bf8 {[%clk 0:09:40]} 22. Nxe7 {[%clk 0:28:20]} Bxe7
{[%clk 0:09:50]} 23. Rexe7+ {[%clk 0:28:38]} Kg6 {[%clk 0:10:13]} 24. h3
{[%clk 0:27:15]} Bxc2 {[%clk 0:10:16]} 25. g4 {[%clk 0:26:14]} Rg8
{[%clk 0:09:26]} 26. b4 {[%clk 0:24:09]} Bb3 {[%clk 0:09:12]} 27. Rad7
{[%clk 0:22:31]} Nf7 {[%clk 0:08:43]} 28. f4 {[%clk 0:18:41]} Ra8
{[%clk 0:06:35]} 29. fxg5 {[%clk 0:16:26]} Ra1 {[%clk 0:06:30]} 30. Re1
{[%clk 0:16:09]} Nxg5 {[%clk 0:06:38]} 31. Rd3 {[%clk 0:14:59]} Bc4
{[%clk 0:06:23]} 32. Rde3 {[%clk 0:14:32]} Bd5 {[%clk 0:05:51]} 33. Kf2
{[%clk 0:13:52]} Ra4 {[%clk 0:05:25]} 34. Bd2 {[%clk 0:13:03]} c5
{[%clk 0:02:20]} 35. h4 {[%clk 0:07:52]} Nf7 {[%clk 0:02:17]} 36. bxc5
{[%clk 0:06:16]} Ne5 {[%clk 0:01:53]} 37. h5+ {[%clk 0:03:49]} Kf7
{[%clk 0:02:03]} 38. Rxe5 {[%clk 0:03:53]} fxe5 {[%clk 0:02:04]} 39. Rxe5
{[%clk 0:04:19]} Bc6 {[%clk 0:02:17]} 40. Kg3 {[%clk 0:03:06]} Bd7
{[%clk 0:02:23]} 41. b4 {[%clk 0:02:31]} Ra2 {[%clk 0:01:57]} 42. Rd5
{[%clk 0:29:28]} Be6 {[%clk 0:29:16]} 43. Rd6 {[%clk 0:28:59]} Rc2
{[%clk 0:28:34]} 44. Rd4 {[%clk 0:26:11]} Kf6 {[%clk 0:18:38]} 45. Kf4
{[%clk 0:23:32]} h6 {[%clk 0:14:38]} 46. Kf3 {[%clk 0:20:53]} Ke5
{[%clk 0:11:43]} 47. Ke3 {[%clk 0:13:02]} Ra2 {[%clk 0:04:44]} 48. Bc3
{[%clk 0:10:39]} Ra3 {[%clk 0:04:35]} 49. Rd3+ {[%clk 0:10:46]} Rxc3
{[%clk 0:04:11]} 50. Rxc3 {[%clk 0:11:09]} Bxg4 {[%clk 0:04:27]} 51. c6
{[%clk 0:10:57]} Bc8 {[%clk 0:04:01]} 52. b5 {[%clk 0:11:03]} Kd6
{[%clk 0:04:00]} 53. b6 {[%clk 0:11:18]} 1-0

[Event "msr2018"]
[Site "?"]
[Date "2018.04.26"]
[Round "8.14"]
[White "Brnusak, Tomas"]
[Black "Grec, Jan Alexander"]
[Result "1-0"]
[BlackElo "1614"]
[WhiteElo "1935"]
[LiveChessVersion "1.4.8"]

1. d4 {[%clk 1:30:46]} Nf6 {[%clk 1:30:27]} 2. c4 {[%clk 1:30:48]} g6
{[%clk 1:30:18]} 3. Nc3 {[%clk 1:30:56]} d5 {[%clk 1:28:54]} 4. Nf3
{[%clk 1:28:48]} Bg7 {[%clk 1:28:39]} 5. h4 {[%clk 1:26:50]} c6 {[%clk 1:19:13]}
6. cxd5 {[%clk 1:24:05]} Nxd5 {[%clk 1:16:30]} 7. e4 {[%clk 1:22:29]} Nxc3
{[%clk 1:15:55]} 8. bxc3 {[%clk 1:21:28]} c5 {[%clk 1:15:37]} 9. Bb2
{[%clk 1:20:29]} Nc6 {[%clk 1:15:06]} 10. d5 {[%clk 1:18:31]} Ne5
{[%clk 1:14:28]} 11. Nxe5 {[%clk 1:17:22]} Bxe5 {[%clk 1:14:28]} 12. Qd2
{[%clk 1:16:33]} Qa5 {[%clk 1:12:36]} 13. f4 {[%clk 1:14:57]} Bg7
{[%clk 1:10:14]} 14. e5 {[%clk 1:13:44]} O-O {[%clk 1:06:28]} 15. c4
{[%clk 1:11:46]} Qxd2+ {[%clk 1:04:53]} 16. Kxd2 {[%clk 1:11:50]} f6
{[%clk 1:05:02]} 17. e6 {[%clk 1:11:01]} f5 {[%clk 1:04:42]} 18. Bxg7
{[%clk 1:10:51]} Kxg7 {[%clk 1:05:02]} 19. Be2 {[%clk 1:10:29]} h5
{[%clk 1:04:39]} 20. Kc3 {[%clk 1:10:00]} b6 {[%clk 1:04:23]} 21. Rhd1
{[%clk 1:10:03]} Rd8 {[%clk 1:03:55]} 22. Rd3 {[%clk 1:09:01]} Bb7
{[%clk 1:02:56]} 23. a4 {[%clk 1:08:51]} a5 {[%clk 1:02:45]} 24. Rad1
{[%clk 1:09:03]} Rd6 {[%clk 1:02:49]} 25. Rg3 {[%clk 1:09:21]} Kh6
{[%clk 1:02:34]} 26. Rg5 {[%clk 1:09:24]} Ba6 {[%clk 1:01:52]} 27. Rd3
{[%clk 1:09:39]} Rg8 {[%clk 1:01:40]} 28. Rdg3 {[%clk 1:09:54]} Rxd5
{[%clk 0:59:21]} 29. cxd5 {[%clk 1:09:48]} Bxe2 {[%clk 0:59:08]} 30. Rxf5
{[%clk 1:09:56]} Bd1 {[%clk 0:57:56]} 31. Rf7 {[%clk 1:09:45]} Re8
{[%clk 0:57:19]} 32. Kc4 {[%clk 1:07:21]} Bxa4 {[%clk 0:57:24]} 33. Ra3
{[%clk 1:07:33]} b5+ {[%clk 0:57:08]} 34. Kxc5 {[%clk 1:07:42]} Bc2
{[%clk 0:56:11]} 35. Kxb5 {[%clk 1:07:11]} Be4 {[%clk 0:56:18]} 36. Kc6
{[%clk 1:07:17]} Bxg2 {[%clk 0:55:14]} 37. Rxa5 {[%clk 1:07:23]} g5
{[%clk 0:49:52]} 38. fxg5+ {[%clk 1:07:42]} Kg6 {[%clk 0:50:11]} 39. Kd7
{[%clk 1:08:04]} Bxd5 {[%clk 0:49:58]} 40. Kxe8 {[%clk 1:07:49]} Bxe6
{[%clk 0:49:53]} 41. Rf4 {[%clk 1:08:04]} 1-0

[Event "msr2018"]
[Site "?"]
[Date "2018.04.26"]
[Round "8.15"]
[White "Kuna, Patrik"]
[Black "Greno, Pavol"]
[Result "1-0"]
[BlackElo "1384"]
[WhiteElo "1545"]
[LiveChessVersion "1.4.8"]

1. e4 {[%clk 1:30:58]} c6 {[%clk 1:30:34]} 2. d4 {[%clk 1:30:43]} d5
{[%clk 1:30:49]} 3. Nc3 {[%clk 1:30:21]} dxe4 {[%clk 1:30:27]} 4. Nxe4
{[%clk 1:30:27]} Bf5 {[%clk 1:30:13]} 5. Ng3 {[%clk 1:30:19]} Bg6
{[%clk 1:29:16]} 6. Nf3 {[%clk 1:29:18]} Nd7 {[%clk 1:28:24]} 7. h4
{[%clk 1:29:27]} h6 {[%clk 1:28:43]} 8. h5 {[%clk 1:29:41]} Bh7 {[%clk 1:29:00]}
9. Bd3 {[%clk 1:29:05]} Bxd3 {[%clk 1:29:19]} 10. Qxd3 {[%clk 1:29:24]} Ngf6
{[%clk 1:27:48]} 11. Bd2 {[%clk 1:25:02]} e6 {[%clk 1:25:36]} 12. O-O-O
{[%clk 1:23:26]} Be7 {[%clk 1:25:16]} 13. Nf1 {[%clk 1:03:37]} O-O
{[%clk 1:22:01]} 14. Ne3 {[%clk 1:03:24]} Qc7 {[%clk 1:17:02]} 15. g4
{[%clk 0:58:08]} Bd6 {[%clk 1:08:08]} 16. g5 {[%clk 0:53:40]} Nd5
{[%clk 1:00:56]} 17. Nxd5 {[%clk 0:51:59]} exd5 {[%clk 1:00:59]} 18. gxh6
{[%clk 0:52:12]} gxh6 {[%clk 1:01:03]} 19. Bxh6 {[%clk 0:49:49]} Bf4+
{[%clk 1:01:13]} 20. Bxf4 {[%clk 0:50:12]} Qxf4+ 21. Kb1 {[%clk 0:48:20]} f5
{[%clk 0:50:57]} 22. Rhg1+ {[%clk 0:45:45]} Kh8 {[%clk 0:47:46]} 23. h6
{[%clk 0:43:11]} Nf6 {[%clk 0:45:10]} 24. Ne5 {[%clk 0:43:06]} Rg8
{[%clk 0:40:44]} 25. Ng6+ {[%clk 0:40:45]} Rxg6 {[%clk 0:41:03]} 26. Rxg6
{[%clk 0:41:08]} Ne4 {[%clk 0:41:22]} 27. Qe3 {[%clk 0:39:34]} Qh2
{[%clk 0:39:08]} 28. f3 {[%clk 0:36:28]} f4 {[%clk 0:38:12]} 29. Qe1
{[%clk 0:33:39]} Qh5 {[%clk 0:35:49]} 30. Rg4 {[%clk 0:29:14]} Qh3
{[%clk 0:34:17]} 31. Rxf4 {[%clk 0:28:42]} Ng5 {[%clk 0:32:30]} 32. Qe5+
{[%clk 0:28:41]} 1-0

[Event "msr2018"]
[Site "?"]
[Date "2018.04.26"]
[Round "8.16"]
[White "Blaho, Jakub"]
[Black "Bochnicka, Vladimir"]
[Result "0-1"]
[BlackElo "2043"]
[WhiteElo "1512"]
[LiveChessVersion "1.4.8"]

1. e4 {[%clk 1:30:57]} c5 {[%clk 1:30:56]} 2. Nf3 {[%clk 1:31:12]} Nc6
{[%clk 1:31:21]} 3. d4 {[%clk 1:31:33]} cxd4 {[%clk 1:31:44]} 4. Nxd4
{[%clk 1:31:57]} Nf6 {[%clk 1:32:07]} 5. Nc3 {[%clk 1:32:18]} e5 {[%clk 1:32:32]}
6. Ndb5 {[%clk 1:32:25]} d6 {[%clk 1:32:57]} 7. a4 {[%clk 1:30:40]} a6
{[%clk 1:31:39]} 8. Na3 {[%clk 1:31:00]} Be6 {[%clk 1:28:57]} 9. Nc4
{[%clk 1:30:07]} d5 {[%clk 1:17:45]} 10. exd5 {[%clk 1:28:07]} Nxd5
{[%clk 1:17:58]} 11. Bd2 {[%clk 1:24:48]} Be7 {[%clk 1:09:24]} 12. Bd3
{[%clk 1:24:16]} O-O {[%clk 1:07:43]} 13. O-O {[%clk 1:24:32]} f5
{[%clk 1:05:50]} 14. f3 {[%clk 1:20:49]} Bc5+ {[%clk 0:54:09]} 15. Kh1
{[%clk 1:20:45]} Qf6 {[%clk 0:44:01]} 16. Qe2 {[%clk 1:14:12]} Rae8
{[%clk 0:42:05]} 17. Rae1 {[%clk 1:09:22]} Bf7 {[%clk 0:41:02]} 18. Nxd5
{[%clk 1:07:52]} Bxd5 {[%clk 0:41:30]} 19. Bc3 {[%clk 1:07:04]} Bxc4
{[%clk 0:28:59]} 20. Bxc4+ {[%clk 1:07:02]} Kh8 {[%clk 0:29:23]} 21. Qd2
{[%clk 1:03:04]} Qh4 {[%clk 0:26:40]} 22. b3 {[%clk 1:00:46]} f4 {[%clk 0:24:54]}
23. Re4 {[%clk 0:55:36]} Qh5 {[%clk 0:22:43]} 24. Qe2 {[%clk 0:50:44]} Be3
{[%clk 0:21:18]} 25. Bd5 {[%clk 0:49:22]} Rf6 {[%clk 0:17:36]} 26. Rd1
{[%clk 0:46:51]} Qxh2+ {[%clk 0:17:55]} 27. Kxh2 {[%clk 0:46:50]} Rh6# 0-1

[Event "msr2018"]
[Site "?"]
[Date "2018.04.26"]
[Round "8.17"]
[White "Kostolansky, Sebastian Lukas"]
[Black "Janik, Marek Tobias"]
[Result "1-0"]
[BlackElo "1553"]
[WhiteElo "2213"]
[LiveChessVersion "1.4.8"]

1. e4 {[%clk 1:30:57]} e6 {[%clk 1:30:54]} 2. d4 {[%clk 1:31:18]} d5
{[%clk 1:31:19]} 3. Nc3 {[%clk 1:29:13]} Nf6 {[%clk 1:30:34]} 4. Bg5
{[%clk 1:29:02]} Bb4 {[%clk 1:30:13]} 5. exd5 {[%clk 1:26:14]} exd5
{[%clk 1:28:16]} 6. Bd3 {[%clk 1:25:07]} O-O {[%clk 1:25:11]} 7. Nge2
{[%clk 1:24:32]} Re8 {[%clk 1:15:55]} 8. O-O {[%clk 1:20:23]} Be6
{[%clk 1:15:50]} 9. f4 {[%clk 1:11:04]} c6 {[%clk 1:09:45]} 10. Qe1
{[%clk 1:02:09]} Bg4 {[%clk 0:56:13]} 11. Qh4 {[%clk 0:58:45]} Nbd7
{[%clk 0:51:10]} 12. Bxh7+ {[%clk 0:54:30]} Kf8 {[%clk 0:49:22]} 13. Bd3
{[%clk 0:45:47]} Kg8 {[%clk 0:45:25]} 14. Ng3 {[%clk 0:42:04]} g6
{[%clk 0:32:20]} 15. f5 {[%clk 0:41:33]} gxf5 {[%clk 0:28:29]} 16. Bxf5
{[%clk 0:41:47]} Bxf5 {[%clk 0:28:51]} 17. Nxf5 {[%clk 0:42:11]} Bf8
{[%clk 0:27:29]} 18. Rf3 {[%clk 0:42:24]} Bg7 {[%clk 0:25:24]} 19. Nxg7
{[%clk 0:42:43]} Kxg7 {[%clk 0:25:46]} 20. Qh6+ {[%clk 0:43:08]} Kg8
{[%clk 0:26:11]} 21. Bxf6 {[%clk 0:43:22]} Nxf6 {[%clk 0:26:26]} 22. Rg3+
{[%clk 0:43:45]} Ng4 {[%clk 0:26:48]} 23. Rxg4+ {[%clk 0:44:11]} Qg5
{[%clk 0:27:11]} 24. Rxg5# {[%clk 0:44:26]} 1-0

[Event "msr2018"]
[Site "?"]
[Date "2018.04.26"]
[Round "8.18"]
[White "Havalda, Samuel"]
[Black "Krupa, Miroslav"]
[Result "0-1"]
[BlackElo "2002"]
[WhiteElo "1406"]
[LiveChessVersion "1.4.8"]

1. e4 {[%clk 1:30:57]} c5 {[%clk 1:30:58]} 2. Nf3 {[%clk 1:31:17]} d6
{[%clk 1:31:25]} 3. Bb5+ {[%clk 1:31:37]} Nd7 {[%clk 1:31:50]} 4. d4
{[%clk 1:31:57]} cxd4 {[%clk 1:32:10]} 5. Qxd4 {[%clk 1:32:20]} a6
{[%clk 1:32:13]} 6. Bxd7+ {[%clk 1:32:36]} Bxd7 {[%clk 1:32:35]} 7. Nc3
{[%clk 1:32:36]} Nf6 {[%clk 1:32:46]} 8. Bg5 {[%clk 1:31:53]} e6 {[%clk 1:31:09]}
9. O-O-O {[%clk 1:31:23]} Be7 {[%clk 1:21:58]} 10. e5 {[%clk 1:26:39]} dxe5
{[%clk 1:21:16]} 11. Nxe5 {[%clk 1:26:40]} Bc6 {[%clk 1:20:54]} 12. Nxc6
{[%clk 1:26:52]} bxc6 {[%clk 1:21:11]} 13. Qc4 {[%clk 1:25:53]} Qc7
{[%clk 1:20:25]} 14. Rhe1 {[%clk 1:11:37]} O-O {[%clk 1:16:00]} 15. Bf4
{[%clk 1:10:33]} Qb7 {[%clk 1:13:46]} 16. f3 {[%clk 1:07:18]} Nd5
{[%clk 1:09:07]} 17. Bd2 {[%clk 1:03:01]} Rfb8 {[%clk 1:04:41]} 18. Qb3
{[%clk 0:59:14]} Qc7 {[%clk 0:59:04]} 19. Nxd5 {[%clk 0:58:36]} cxd5
{[%clk 0:59:03]} 20. Qa4 {[%clk 0:54:52]} Bf6 {[%clk 0:58:11]} 21. c3
{[%clk 0:52:50]} Rb7 {[%clk 0:35:57]} 22. Bf4 {[%clk 0:47:14]} Qb6
{[%clk 0:35:25]} 23. Rd2 {[%clk 0:46:16]} Bxc3 {[%clk 0:34:31]} 24. Red1
{[%clk 0:44:08]} Bxd2+ {[%clk 0:32:45]} 25. Rxd2 {[%clk 0:44:15]} Rc8+
{[%clk 0:33:06]} 26. Rc2 {[%clk 0:41:56]} Qxb2+ {[%clk 0:32:19]} 27. Kd1
{[%clk 0:41:04]} Qxc2+ {[%clk 0:32:19]} 0-1

[Event "msr2018"]
[Site "?"]
[Date "2018.04.26"]
[Round "8.20"]
[White "Paluska, Karol"]
[Black "Rakovsky, Jakub"]
[Result "1-0"]
[BlackElo "1254"]
[WhiteElo "1377"]
[LiveChessVersion "1.4.8"]

1. d4 {[%clk 1:30:58]} d5 {[%clk 1:30:16]} 2. c4 {[%clk 1:31:20]} c6
{[%clk 1:30:21]} 3. Nc3 {[%clk 1:31:43]} Nf6 {[%clk 1:30:09]} 4. Nf3
{[%clk 1:31:49]} e6 {[%clk 1:29:58]} 5. Bg5 {[%clk 1:32:07]} Nbd7
{[%clk 1:29:40]} 6. e3 {[%clk 1:31:31]} Qa5 {[%clk 1:29:26]} 7. a3
{[%clk 1:21:15]} a6 {[%clk 1:25:46]} 8. c5 Ne4 {[%clk 1:22:49]} 9. Qc2
{[%clk 1:10:53]} Nxc3 {[%clk 1:20:00]} 10. b4 {[%clk 1:07:55]} Qa4
{[%clk 1:18:40]} 11. Qxc3 {[%clk 1:08:15]} a5 {[%clk 1:18:00]} 12. bxa5
{[%clk 1:04:39]} Rxa5 {[%clk 1:16:47]} 13. Nd2 {[%clk 0:51:39]} b6
{[%clk 1:12:55]} 14. Nb3 {[%clk 0:51:00]} Ra8 {[%clk 1:10:31]} 15. Be2
{[%clk 0:48:07]} bxc5 {[%clk 1:09:23]} 16. dxc5 {[%clk 0:46:05]} Qa7
{[%clk 1:07:43]} 17. O-O {[%clk 0:44:29]} f6 {[%clk 1:07:41]} 18. Bh4
{[%clk 0:43:21]} Nxc5 {[%clk 0:59:02]} 19. Bh5+ {[%clk 0:42:30]} Kd7 20. Nd4
{[%clk 0:35:17]} e5 {[%clk 0:51:38]} 21. Ne2 Ne4 {[%clk 0:50:22]} 22. Qd3
{[%clk 0:31:16]} Ba6 {[%clk 0:49:26]} 23. Bg4+ Ke8 {[%clk 0:48:20]} 24. Qc2
{[%clk 0:30:09]} Qc7 {[%clk 0:46:25]} 25. Qa4 {[%clk 0:28:41]} Bb7
{[%clk 0:46:00]} 26. Qc2 {[%clk 0:26:35]} Rxa3 {[%clk 0:45:19]} 27. Rxa3
{[%clk 0:26:56]} Bxa3 {[%clk 0:45:39]} 28. Ra1 {[%clk 0:26:37]} Bd6
{[%clk 0:45:21]} 29. f3 {[%clk 0:25:05]} Nc5 {[%clk 0:44:27]} 30. Bf2
{[%clk 0:25:13]} e4 {[%clk 0:44:14]} 31. f4 {[%clk 0:25:31]} g5 {[%clk 0:44:05]}
32. Bh5+ {[%clk 0:24:36]} Ke7 {[%clk 0:43:37]} 33. g3 {[%clk 0:24:41]} Rg8
{[%clk 0:43:17]} 34. f5 {[%clk 0:23:49]} Nd3 {[%clk 0:42:50]} 35. Nd4
{[%clk 0:22:41]} Nxf2 {[%clk 0:42:13]} 36. Kxf2 {[%clk 0:23:02]} c5
{[%clk 0:38:23]} 37. Ne6 {[%clk 0:23:12]} Qc6 {[%clk 0:38:15]} 38. Rc1
{[%clk 0:23:24]} c4 {[%clk 0:38:20]} 39. Nd4 {[%clk 0:23:24]} Qa6
{[%clk 0:37:52]} 40. Be2 {[%clk 0:23:43]} Bc5 {[%clk 0:37:31]} 41. Ne6
{[%clk 0:20:06]} Bb6 {[%clk 0:36:40]} 42. Rb1 {[%clk 0:19:59]} Qa7
{[%clk 0:36:24]} 43. Qc3 {[%clk 0:19:52]} Kf7 {[%clk 0:35:34]} 44. Bh5+
{[%clk 0:20:13]} Rg6 {[%clk 0:34:00]} 45. Qb4 {[%clk 0:17:51]} Bxe3+
{[%clk 0:34:08]} 46. Kf1 {[%clk 0:18:08]} Qa8 {[%clk 0:31:35]} 47. Qxb7+
{[%clk 0:15:43]} Qxb7 {[%clk 0:31:56]} 48. Rxb7+ {[%clk 0:16:09]} Ke8
{[%clk 0:32:16]} 49. fxg6 1-0